Т. 56, № 3; Геология рудных месторождений

Bibliographische Detailangaben
Parent link:Геология рудных месторождений: научный журнал/ Российская академия наук (РАН). Т. 56, № 3.— , 1959-
Sprache:Russisch
Veröffentlicht: 2014
Format: MixedMaterials Buch
KOHA link:https://koha.lib.tpu.ru/cgi-bin/koha/opac-detail.pl?biblionumber=533970

MARC

LEADER 00000nam2a2200000 4500
001 533970
005 20231101113216.0
035 |a (RuTPU)RU\TPU\prd\222033 
090 |a 533970 
100 |a 20140826a19599999k y0rusy50 ca 
101 0 |a rus 
102 |a RU 
200 0 |a Т. 56, № 3 
210 |d 2014 
461 1 |0 (RuTPU)RU\TPU\prd\127  |t Геология рудных месторождений  |o научный журнал  |f Российская академия наук (РАН)  |v Т. 56, № 3  |d 1959- 
801 0 |a RU  |b 63413507  |c 20010227  |g PSBO 
801 1 |a RU  |b 63413507  |c 20140826 
801 2 |a RU  |b 63413507  |c 20230403  |g RCR 
942 |c BK 
999 |a НТБ_ТПУ  |b НФ  |e -1/20140109  |p П-6557  |s 4/20130930  |u 0,00  |v 1